| 000 -LEADER |
| fixed length control field |
00519nam a22001697a 4500 |
| 005 - DATE AND TIME OF LATEST TRANSACTION |
| control field |
20211220124144.0 |
| 008 - FIXED-LENGTH DATA ELEMENTS--GENERAL INFORMATION |
| fixed length control field |
200728s2006 dk ||||| |||| 00| 0 ger d |
| 020 ## - INTERNATIONAL STANDARD BOOK NUMBER |
| International Standard Book Number |
9783150181034 |
| 041 ## - LANGUAGE CODE |
| Language code of text/sound track or separate title |
ger |
| 080 ## - UNIVERSAL DECIMAL CLASSIFICATION NUMBER |
| Universal Decimal Classification number |
1(09) F-63 |
| 100 ## - MAIN ENTRY--PERSONAL NAME |
| Personal name |
Flasch, Kurt |
| 9 (RLIN) |
9065 |
| 245 ## - TITLE STATEMENT |
| Title |
Das philosophische Denken im Mittelalter : |
| Remainder of title |
Von Augustin zu Machiavelli / |
| Statement of responsibility, etc. |
Kurt Flasch. |
| 264 ## - PRODUCTION, PUBLICATION, DISTRIBUTION, MANUFACTURE, AND COPYRIGHT NOTICE |
| Place of production, publication, distribution, manufacture |
Stuttgard : |
| Name of producer, publisher, distributor, manufacturer |
Reclams Universal-Bibliothek, |
| Date of production, publication, distribution, manufacture, or copyright notice |
2006. |
| 300 ## - PHYSICAL DESCRIPTION |
| Extent |
808 p. |
| Other physical details |
15 cm. |
| 653 ## - INDEX TERM--UNCONTROLLED |
| keyword |
ფილოსოფია |
| 942 ## - ADDED ENTRY ELEMENTS (KOHA) |
| Source of classification or shelving scheme |
|
| Koha item type |
წიგნი |